| 000 | 00728nam a22002057a 4500 | ||
|---|---|---|---|
| 999 |
_c18557 _d18557 |
||
| 003 | AR-CdUCM | ||
| 008 | 190514b ||||| |||| 00| 0 spa d | ||
| 040 |
_aMUNICIPALIDAD PROVINCIAL DEL CUSCO _cBIBLIOTECA MUNICIPAL DEL CUSCO |
||
| 082 |
_a192 / _bR96 |
||
| 100 |
_aRussell, Bertrand _916285 |
||
| 245 |
_aMisticismo y lógica : _by otros ensayos / |
||
| 260 |
_aBuenos Aires : _bPaidos, _c1949. |
||
| 300 |
_a227 páginas ; _c23 cm. |
||
| 505 | _aContenido: Misticismo y lógica -- El lugar de la ciencia en una educación liberal -- El culto de un hombre libre... | ||
| 650 |
_aFilosofía _9395 |
||
| 650 |
_aMétodo filosófico _939208 |
||
| 650 |
_aMetafísica _92817 |
||
| 942 |
_2ddc _cLIBROS |
||
| 945 |
_adavv _d2019-05-14 |
||